Top 100
Z obsahu: Top 100, najväčšie finančné podniky SR. Najziskovejšie podniky v SR. Najväčší zamestnávatelia v SR. Najväčší exportéri v SR. Podniky s najväčším majetkom v SR.
Salvato in:
| Autore principale: | |
|---|---|
| Altri autori: | |
| Natura: | Capitolo di libro |
| Lingua: | slovacco |
| Soggetti: | |
| Tags: |
Nessun Tag, puoi essere il primo ad aggiungerne!!
|
MARC
| LEADER | 00000naa a2200000 4500 | ||
|---|---|---|---|
| 001 | r027192 | ||
| 005 | 20230921081244.4 | ||
| 041 | 0 | |a slo | |
| 044 | |a SK | ||
| 245 | 1 | 0 | |a Top 100 |c J. Matyáš, M. Slinčáková |
| 520 | |a Z obsahu: Top 100, najväčšie finančné podniky SR. Najziskovejšie podniky v SR. Najväčší zamestnávatelia v SR. Najväčší exportéri v SR. Podniky s najväčším majetkom v SR. | ||
| 610 | 2 | 0 | |a podnik |
| 610 | 2 | 0 | |a tržby |
| 610 | 2 | 0 | |a zisk podnikový |
| 610 | 2 | 0 | |a výsledok hospodársky |
| 610 | 2 | 0 | |a zamestnávatelia |
| 610 | 2 | 0 | |a zamestnanci |
| 610 | 2 | 0 | |a vývoz |
| 610 | 2 | 0 | |a majetok podnikový |
| 610 | 2 | 0 | |a aktíva |
| 610 | 2 | 0 | |a Slovensko |
| 610 | 2 | 0 | |a 1996 |
| 100 | 1 | |a Matyáš, J. | |
| 700 | 1 | |a Slinčáková, M. | |